| 000 | 00408nam a22001577a 4500 | ||
|---|---|---|---|
| 003 | OSt | ||
| 005 | 20140310182338.0 | ||
| 008 | 130925t xxu||||| |||| 00| 0 eng d | ||
| 050 |
_aTT 870.4 _b.F962 |
||
| 245 | _a Title Fun with Origami./ | ||
| 260 |
_aNew Delhi : _bAngel Publishing House. |
||
| 300 |
_a16 p. : _bill. col. ; _c28 cm. |
||
| 651 |
_aorigami _921635 |
||
| 942 |
_2lcc _cBK-GS |
||
| 999 |
_c12100 _d12100 |
||